000 00339nam a2200145Ia 4500
008 230525s9999 xx 000 0 und d
020 _a9780340818671
082 _a823
_bSTEH
100 _aSTEPHEN KING
245 0 _aHearts in Atlantis
260 _aNewyork
_bNew English Lib.
_c1999
300 _a621
650 _aFiction
942 _cBK
999 _c2964
_d2964